| 000 | 00413nam a22001217a 4500 | ||
|---|---|---|---|
| 082 |
_a333.8232 _bASS _cD |
||
| 245 |
_aAssessment of transportation growth in Asia and its effects on energy use the environment and traffic congestion _cASS |
||
| 260 |
_aWashington _bThe world bank _c1992 |
||
| 300 |
_av, 61 p. : _bill, _c24 cm. |
||
| 526 |
_a0 _b0 _c0 _d333_823200000000000_ASS |
||
| 650 |
_aMCE _9379 |
||
| 942 |
_2ddc _cBK |
||
| 999 |
_c541994 _d541994 |
||